<?xml version="1.0" encoding="UTF-8"?>
<record
    xmlns:xsi="http://www.w3.org/2001/XMLSchema-instance"
    xsi:schemaLocation="http://www.loc.gov/MARC21/slim http://www.loc.gov/standards/marcxml/schema/MARC21slim.xsd"
    xmlns="http://www.loc.gov/MARC21/slim">

  <leader>02733nam1a22009491  4500</leader>
  <controlfield tag="001">RU\NLR\A1SV\44383</controlfield>
  <controlfield tag="005">20251203171251.9</controlfield>
  <datafield tag="035" ind1=" " ind2=" ">
    <subfield code="a">(NLR Aleph) 009726540</subfield>
  </datafield>
  <datafield tag="090" ind1=" " ind2=" ">
    <subfield code="a">9893130</subfield>
    <subfield code="c">9893130</subfield>
  </datafield>
  <datafield tag="100" ind1=" " ind2=" ">
    <subfield code="a">20260120              rusy50        </subfield>
  </datafield>
  <datafield tag="101" ind1="1" ind2=" ">
    <subfield code="a">rus</subfield>
    <subfield code="c">fre</subfield>
  </datafield>
  <datafield tag="102" ind1=" " ind2=" ">
    <subfield code="a">RU</subfield>
  </datafield>
  <datafield tag="200" ind1="1" ind2=" ">
    <subfield code="a">&#x418;&#x441;&#x442;&#x43E;&#x440;&#x438;&#x44F; &#x412;&#x435;&#x43B;&#x438;&#x43A;&#x43E;&#x439; &#x444;&#x440;&#x430;&#x43D;&#x446;&#x443;&#x437;&#x441;&#x43A;&#x43E;&#x439; &#x440;&#x435;&#x432;&#x43E;&#x43B;&#x44E;&#x446;&#x438;&#x438;</subfield>
    <subfield code="f">&#x416;&#x430;&#x43D; &#x416;&#x43E;&#x440;&#x435;&#x441;</subfield>
    <subfield code="g">&#x41F;&#x435;&#x440;. &#x441; &#x444;&#x440;. &#x410;.&#x41C;.&#x412;&#x43E;&#x434;&#x435;&#x43D;&#x430;</subfield>
  </datafield>
  <datafield tag="210" ind1=" " ind2=" ">
    <subfield code="a">&#x41C;.</subfield>
    <subfield code="c">&#x413;&#x43E;&#x441;. &#x438;&#x437;&#x434;.</subfield>
    <subfield code="d">1920-1924</subfield>
  </datafield>
  <datafield tag="215" ind1=" " ind2=" ">
    <subfield code="d">26 &#x441;&#x43C;</subfield>
  </datafield>
  <datafield tag="620" ind1=" " ind2=" ">
    <subfield code="d">&#x41C;&#x43E;&#x441;&#x43A;&#x432;&#x430;</subfield>
  </datafield>
  <datafield tag="700" ind1=" " ind2="1">
    <subfield code="a">&#x416;&#x43E;&#x440;&#x435;&#x441;</subfield>
    <subfield code="b">&#x416;.</subfield>
    <subfield code="f">1859-1914</subfield>
    <subfield code="g">&#x416;&#x430;&#x43D;</subfield>
    <subfield code="4">070</subfield>
  </datafield>
  <datafield tag="702" ind1=" " ind2="1">
    <subfield code="a">&#x412;&#x43E;&#x434;&#x435;&#x43D;</subfield>
    <subfield code="b">&#x410;.&#x41C;.</subfield>
    <subfield code="f">1870-1939</subfield>
    <subfield code="g">&#x410;&#x43B;&#x435;&#x43A;&#x441;&#x435;&#x439; &#x41C;&#x438;&#x445;&#x430;&#x439;&#x43B;&#x43E;&#x432;&#x438;&#x447;</subfield>
    <subfield code="4">070</subfield>
  </datafield>
  <datafield tag="801" ind1=" " ind2="0">
    <subfield code="a">RU</subfield>
    <subfield code="b">NLR</subfield>
    <subfield code="c">20021114</subfield>
  </datafield>
  <datafield tag="899" ind1=" " ind2=" ">
    <subfield code="a">&#x421;&#x41E;&#x423;&#x411;</subfield>
    <subfield code="z">(&#x422;.1)</subfield>
  </datafield>
  <datafield tag="899" ind1=" " ind2=" ">
    <subfield code="a">&#x420;&#x413;&#x411;&#x418;</subfield>
  </datafield>
  <datafield tag="899" ind1=" " ind2=" ">
    <subfield code="a">&#x427;&#x41E;&#x423;&#x41D;&#x411;</subfield>
    <subfield code="z">(&#x422;.1)</subfield>
  </datafield>
  <datafield tag="899" ind1=" " ind2=" ">
    <subfield code="a">&#x41E;&#x41E;&#x41F;&#x411;</subfield>
    <subfield code="z">(&#x422;.1-2)</subfield>
  </datafield>
  <datafield tag="899" ind1=" " ind2=" ">
    <subfield code="a">&#x41F;&#x413;&#x41F;&#x411;</subfield>
    <subfield code="z">(&#x422;.1)</subfield>
  </datafield>
  <datafield tag="899" ind1=" " ind2=" ">
    <subfield code="a">&#x41D;&#x411; &#x422;&#x430;&#x43C;&#x431;&#x413;&#x423;</subfield>
    <subfield code="z">(&#x422;.1-2)</subfield>
  </datafield>
  <datafield tag="899" ind1=" " ind2=" ">
    <subfield code="a">&#x41D;&#x411; &#x422;&#x413;&#x423;</subfield>
  </datafield>
  <datafield tag="899" ind1=" " ind2=" ">
    <subfield code="a">&#x41C;&#x413;&#x41E;&#x423;&#x41D;&#x411;</subfield>
    <subfield code="z">(&#x422;.1, 3(&#x412;&#x44B;&#x43F;.2))</subfield>
  </datafield>
  <datafield tag="899" ind1=" " ind2=" ">
    <subfield code="a">&#x41A;&#x423;&#x41D;&#x411;</subfield>
    <subfield code="z">(&#x422;.1,2,3(&#x412;&#x44B;&#x43F;.1))</subfield>
  </datafield>
  <datafield tag="899" ind1=" " ind2=" ">
    <subfield code="a">NLG</subfield>
  </datafield>
  <datafield tag="899" ind1=" " ind2=" ">
    <subfield code="a">&#x423;&#x41B;&#x41C;</subfield>
    <subfield code="z">(&#x422;.1)</subfield>
  </datafield>
  <datafield tag="899" ind1=" " ind2=" ">
    <subfield code="a">&#x41D;&#x411; &#x420;&#x41A;&#x43E;&#x43C;&#x438;</subfield>
    <subfield code="z">(&#x422;.1)</subfield>
  </datafield>
  <datafield tag="899" ind1=" " ind2=" ">
    <subfield code="a">&#x421;&#x41F;&#x431;&#x413;&#x423;</subfield>
  </datafield>
  <datafield tag="899" ind1=" " ind2=" ">
    <subfield code="a">&#x422;&#x430;&#x43C;&#x431;&#x41E;&#x423;&#x41D;&#x411;</subfield>
    <subfield code="z">(&#x422;.1)</subfield>
  </datafield>
  <datafield tag="899" ind1=" " ind2=" ">
    <subfield code="a">T&#xDC;R</subfield>
    <subfield code="z">(&#x422;.2-3)</subfield>
  </datafield>
  <datafield tag="899" ind1=" " ind2=" ">
    <subfield code="a">LitNB</subfield>
    <subfield code="z">(&#x422;.1)</subfield>
  </datafield>
  <datafield tag="899" ind1=" " ind2=" ">
    <subfield code="a">&#x41D;&#x411; &#x411;&#x435;&#x43B;.</subfield>
  </datafield>
  <datafield tag="899" ind1=" " ind2=" ">
    <subfield code="a">UTLS</subfield>
    <subfield code="z">(&#x422;.1-2, 3(&#x412;&#x44B;&#x43F;.1))</subfield>
  </datafield>
  <datafield tag="899" ind1=" " ind2=" ">
    <subfield code="a">NYPG</subfield>
  </datafield>
  <datafield tag="899" ind1=" " ind2=" ">
    <subfield code="a">NYCX</subfield>
  </datafield>
  <datafield tag="899" ind1=" " ind2=" ">
    <subfield code="a">&#x41D;&#x411; &#x420;&#x41A;&#x43E;&#x43C;&#x438;</subfield>
    <subfield code="z">(&#x422;.1)</subfield>
  </datafield>
  <datafield tag="899" ind1=" " ind2=" ">
    <subfield code="a">OHOG</subfield>
  </datafield>
  <datafield tag="899" ind1=" " ind2=" ">
    <subfield code="a">&#x421;&#x413;&#x421;&#x41F;&#x423;</subfield>
    <subfield code="z">(&#x422;.2,&#x422;.3:&#x412;&#x44B;&#x43F;.2)</subfield>
  </datafield>
  <datafield tag="899" ind1=" " ind2=" ">
    <subfield code="a">&#x41E;&#x440;&#x435;&#x43D;&#x431;&#x443;&#x440;&#x433;&#x41E;&#x423;&#x41D;&#x411;</subfield>
    <subfield code="z">(&#x422;.1,3)</subfield>
  </datafield>
  <datafield tag="899" ind1=" " ind2=" ">
    <subfield code="a">&#x422;&#x41E;&#x423;&#x41D;&#x411;</subfield>
    <subfield code="z">(&#x422;.1-2)</subfield>
  </datafield>
  <datafield tag="899" ind1=" " ind2=" ">
    <subfield code="a">&#x420;&#x41D;&#x411;</subfield>
    <subfield code="j">37.42.5.67</subfield>
  </datafield>
  <datafield tag="899" ind1=" " ind2=" ">
    <subfield code="a">&#x420;&#x41D;&#x411;</subfield>
    <subfield code="j">132/1187-1,2</subfield>
  </datafield>
  <datafield tag="899" ind1=" " ind2=" ">
    <subfield code="a">&#x411;&#x413;&#x423;&#x41D;&#x411;</subfield>
    <subfield code="z">(&#x422;.1)</subfield>
  </datafield>
  <datafield tag="899" ind1=" " ind2=" ">
    <subfield code="a">&#x418;&#x41E;&#x413;&#x423;&#x41D;&#x411;</subfield>
    <subfield code="z">(&#x422;.1)</subfield>
  </datafield>
  <datafield tag="899" ind1=" " ind2=" ">
    <subfield code="a">&#x413;&#x41E;&#x41F;&#x411;</subfield>
  </datafield>
  <datafield tag="899" ind1=" " ind2=" ">
    <subfield code="a">&#x410;&#x441;&#x442;&#x41E;&#x41D;&#x411;</subfield>
  </datafield>
  <datafield tag="899" ind1=" " ind2=" ">
    <subfield code="a">&#x423;&#x413;&#x41F;&#x423;</subfield>
    <subfield code="z">(&#x422;.1)</subfield>
  </datafield>
  <datafield tag="899" ind1=" " ind2=" ">
    <subfield code="a">&#x41C;&#x413;&#x423;</subfield>
  </datafield>
  <datafield tag="899" ind1=" " ind2=" ">
    <subfield code="a">&#x421;&#x41E;&#x423;&#x41D;&#x411;</subfield>
  </datafield>
  <datafield tag="899" ind1=" " ind2=" ">
    <subfield code="a">&#x41F;&#x441;&#x43A;&#x43E;&#x432;&#x41E;&#x423;&#x41D;&#x411;</subfield>
    <subfield code="z">(&#x422;.1)</subfield>
  </datafield>
  <datafield tag="899" ind1=" " ind2=" ">
    <subfield code="a">SLK</subfield>
    <subfield code="z">(&#x422;.1)</subfield>
  </datafield>
  <datafield tag="899" ind1=" " ind2=" ">
    <subfield code="a">&#x411;&#x410;&#x41D;</subfield>
  </datafield>
  <datafield tag="899" ind1=" " ind2=" ">
    <subfield code="a">&#x412;&#x43B;&#x430;&#x434;&#x41E;&#x423;&#x41D;&#x411;</subfield>
    <subfield code="z">(&#x422;.1)</subfield>
  </datafield>
  <datafield tag="899" ind1=" " ind2=" ">
    <subfield code="a">&#x417;&#x41D;&#x411; &#x421;&#x413;&#x423;</subfield>
    <subfield code="z">(&#x422;.3(&#x412;&#x44B;&#x43F;.1))</subfield>
  </datafield>
  <datafield tag="899" ind1=" " ind2=" ">
    <subfield code="a">&#x421;&#x426;&#x413;&#x411;</subfield>
    <subfield code="z">(&#x422;.1)</subfield>
  </datafield>
  <datafield tag="899" ind1=" " ind2=" ">
    <subfield code="a">APL</subfield>
  </datafield>
  <datafield tag="899" ind1=" " ind2=" ">
    <subfield code="a">&#x413;&#x41F;&#x418;&#x411;</subfield>
  </datafield>
  <datafield tag="899" ind1=" " ind2=" ">
    <subfield code="a">&#x410;&#x41A;&#x423;&#x41D;&#x411;</subfield>
    <subfield code="z">(&#x422;.1, &#x422;.3(&#x412;&#x44B;&#x43F;.1))</subfield>
  </datafield>
  <datafield tag="899" ind1=" " ind2=" ">
    <subfield code="a">LatNB</subfield>
  </datafield>
  <datafield tag="899" ind1=" " ind2=" ">
    <subfield code="a">&#x420;&#x413;&#x413;&#x423;</subfield>
  </datafield>
  <datafield tag="899" ind1=" " ind2=" ">
    <subfield code="a">&#x41A;&#x435;&#x43C;&#x41E;&#x41D;&#x411;</subfield>
    <subfield code="z">(&#x422;.3, &#x432;&#x44B;&#x43F;.2)</subfield>
  </datafield>
  <datafield tag="899" ind1=" " ind2=" ">
    <subfield code="a">&#x41D;&#x411;&#x41A;&#x435;&#x43C;&#x413;&#x423;</subfield>
    <subfield code="z">(&#x422;.1,3)</subfield>
  </datafield>
  <datafield tag="899" ind1=" " ind2=" ">
    <subfield code="a">&#x41D;&#x411; &#x420;&#x41A;</subfield>
  </datafield>
  <datafield tag="899" ind1=" " ind2=" ">
    <subfield code="a">&#x41D;&#x411;&#x423;&#x412;</subfield>
  </datafield>
  <datafield tag="899" ind1=" " ind2=" ">
    <subfield code="a">&#x421;&#x41F;&#x431;&#x413;&#x418;&#x41A;</subfield>
    <subfield code="z">(&#x422;.1)</subfield>
  </datafield>
  <datafield tag="899" ind1=" " ind2=" ">
    <subfield code="a">&#x420;&#x41A;&#x41F;</subfield>
    <subfield code="z">(&#x422;.1)</subfield>
  </datafield>
  <datafield tag="899" ind1=" " ind2=" ">
    <subfield code="a">RR</subfield>
    <subfield code="z">(&#x422;.1)</subfield>
  </datafield>
  <datafield tag="899" ind1=" " ind2=" ">
    <subfield code="a">&#x41D;&#x411; &#x411;&#x413;&#x423;&#x42D;&#x41F;</subfield>
    <subfield code="z">(&#x422;.1)</subfield>
  </datafield>
  <datafield tag="899" ind1=" " ind2=" ">
    <subfield code="a">&#x413;&#x410;&#x420;&#x424;</subfield>
    <subfield code="z">(&#x422;.1,3(&#x412;&#x44B;&#x43F;.1))</subfield>
  </datafield>
  <datafield tag="899" ind1=" " ind2=" ">
    <subfield code="a">&#x420;&#x41A;&#x41F;</subfield>
  </datafield>
  <datafield tag="899" ind1=" " ind2=" ">
    <subfield code="a">&#x420;&#x413;&#x411;</subfield>
  </datafield>
  <datafield tag="899" ind1=" " ind2=" ">
    <subfield code="a">&#x41A;&#x41E;&#x423;&#x41D;&#x411;</subfield>
    <subfield code="z">(&#x422;.1)</subfield>
  </datafield>
  <datafield tag="899" ind1=" " ind2=" ">
    <subfield code="a">&#x41D;&#x411; &#x41A;&#x443;&#x440;&#x433;&#x413;&#x423;</subfield>
    <subfield code="z">(&#x422;.1)</subfield>
  </datafield>
  <datafield tag="942" ind1=" " ind2=" ">
    <subfield code="c">BOOK</subfield>
  </datafield>
  <datafield tag="980" ind1=" " ind2=" ">
    <subfield code="a">NB</subfield>
  </datafield>
  <datafield tag="980" ind1=" " ind2=" ">
    <subfield code="a">A1SV</subfield>
  </datafield>
  <datafield tag="980" ind1=" " ind2=" ">
    <subfield code="a">A1SV</subfield>
  </datafield>
</record>
